| 000 | 00881nam a2200337Ia 4500 | ||
|---|---|---|---|
| 005 | 20250115124452.0 | ||
| 008 | 008 250103s9999 xx 000 0 eng d | ||
| 020 | _a9789390620456 | ||
| 037 | _aTextual | ||
| 040 |
_aCSL _beng |
||
| 040 | _cCSL | ||
| 041 | _2eng | ||
| 041 | _aeng | ||
| 084 | _aG:55 R1 | ||
| 084 | _qCSL | ||
| 100 |
_aPani Balaram _9732263 |
||
| 245 | 0 | _aConcepts in environmental studies | |
| 245 | 0 | _cPani Balaram …[ et al.] | |
| 260 | _aNew Delhi | ||
| 260 | _bI K International Pvt. Ltd | ||
| 260 | _c2012 | ||
| 300 | _aix, 183p. ill. | ||
| 650 | _aBiodiversity | ||
| 650 |
_aEcosystems _9710135 |
||
| 650 | _aEnvironment | ||
| 650 |
_aHuman Population and environment _9732264 |
||
| 650 |
_aNatural Resourses _9732265 |
||
| 700 |
_aPani Balaram _9732263 |
||
| 942 |
_cTEXL _hG:55 R1 |
||
| 999 |
_c1236974 _d1236974 |
||